Na której fladze znajduje się - Statystyki

Ogólne statystyki
  • Ten quiz został rozwiązany 29 razy
  • Średni wynik to 23 z 94
Statystyki odpowiedzi
Na fladze znajduje się Kraj % Poprawnych
Dwugłowy orzeł Albania / Czarnogóra / Serbia
88%
Poziomy, biały pas na środku przez całą szerokość Argentyna / Austria / Dominikana / Egipt / Holandia / Honduras / Indie / Irak / Iran / Izrael / Jemen / Lesotho / Liban / Luksemburg / Łotwa / Niger / Nikaragua / Paragwaj / Salwador / Sierra Leone / Stany Zjednoczone / Syria / Tadżykistan / Urugwaj / Uzbekistan / Węgry
69%
Białe gwiazdki Australia / Bośnia i Hercegowina / Brazylia / Komory / Kosowo / Kostaryka / Mikronezja / Saint Kitts i Nevis / Papua-Nowa Gwinea / Samoa / Singapur / Stany Zjednoczone / Turkmenistan / Uzbekistan / Wenezuela / Wyspy Salomona
69%
Kształt państwa Bośnia i Hercegowina / Cypr / Kosowo
65%
Słońce wychylające się znad morza Antigua i Barbuda / Kiribati
62%
Cztery czerwone krzyże Gruzja
62%
Świątynia Kambodża
62%
Poziomy, pomarańczowy pas Armenia / Indie / Niger
54%
Smok Bhutan
54%
Gwiazda Dawida Izrael
54%
Orzeł pożerający węża Meksyk
50%
Klucze Watykan
50%
Większość wypełnienie w kolorze błękitnym Argentyna / Botswana / Demokratyczna Republika Konga / Fidżi / Gwatemala / Honduras / Kazachstan / Mikronezja / Palau / Saint Lucia / Somalia / Tuvalu
46%
Cedr Liban
46%
Połowa złotego koła zębatego i maczeta Angola
42%
Jedna żółta gwiazda Angola / Burkina Faso / Demokratyczna Republika Konga / Kamerun / Malezja / Mauretania / Mozambik / Paragwaj / Republika Środkowoafrykańska / Sudan Południowy / Surinam / Wietnam
42%
Wyłącznie biało-zielone barwy Arabia Saudyjska / Nigeria / Pakistan
42%
Poziomy pas koloru błękitnego/jasnoniebieskiego Argentyna / Azerbejdżan / Botswana / Dżibuti / Honduras / Luksemburg / Rwanda / San Marino / Słowenia / Uzbekistann
42%
Słońce z twarzą Argentyna / Ekwador / Urugwaj
42%
Jedna biała gwiazda Azerbejdżan / Chile / Jordania / Kuba / Liberia / Libia / Mjanma / Nauru / Pakistan / Somalia / Timor Wschodni / Togo / Turcja / Wyspy Marshalla
42%
Pionowy, czarny pas Belgia / Zambia
38%
Korona Chorwacja / Czarnogóra / Fidżi / Hiszpania / Liechtenstein / San Marino / Serbia / Tadżykistan / Watykan
38%
Pionowy, pomarańczowy pas Irlandia / Wybrzeże Kości Słoniowej / Zambia
38%
Żółte koło Macedonia Północna / Namibia / Palau / Rwanda
38%
Białe tło Afganistan / Cypr / Finlandia / Gruzja / Izrael / Japonia / Korea Południowa
35%
Białe koło Belize / Korea Północna / Laos / Tunezja / Uganda
35%
Papuga Dominika
35%
Charakterystyczny dla kraju ptak Gwatemala / Kiribati / Papua-Nowa Gwinea / Uganda / Zimbabwe
35%
Cztery różnokolorowe poziome pasy Komory / Mauritius / Republika Środkowoafrykańska
35%
Biała szabla Arabia Saudyjska / Oman
31%
Union Jack Australia / Fidżi / Nowa Zelandia / Tuvalu
31%
Czarny trójząb Barbados
31%
Włócznie Dominikana / Eswatini / Kenia
31%
Szahada, muzułmańskie wyznanie wiary Afganistan / Arabia Saudyjska
27%
Czerwony półksiężyc i gwiazda Algieria / Tunezja
27%
Ząbkowany wzór Bahrajn / Katar
27%
Czerwony koło na niebiałym tle Bangladesz / Dominika / Grenada
27%
Poziomy, czarny pas w środku Botswana / Dominika / Estonia / Libia / Mozambik
27%
Tarcza z szachownicą Chorwacja
27%
Pentagram, pięcioramienną gwiazdę bez wypełnienia Etiopia / Maroko
27%
Złoty cudowronek (ptak) na czerwonym tle Papua-Nowa Gwinea
27%
Czerwona gwiazda na białym tle Algieria / Dżibuti / Korea Północna / Tunezja / Zimbabwe
23%
Złoty orzeł Czarnogóra / Egipt / Sri Lanka
23%
Taijitu (podobny do yin i yang) Korea Południowa
23%
AK-47 Mozambik
23%
Jeden pas pionowy i dwa poziome Benin / Białoruś / Gwinea Bissau / Madagaskar
19%
Charakterystyczny dla kraju ornament Białoruś / Kazachstan / Turkmenistan
19%
Biały Krzyż Południa (nie licząc Australii) Brazylia / Papua-Nowa Gwinea / Samoa
19%
Dwa równoległe, żółte ukośne pasy Demokratyczna Republika Konga / Saint Kitts i Nevis / Tanzania
19%
Góra / wzgórze Ekwador / Kostaryka / Nikaragua / Słowacja / Słowenia
19%
Jedenaście pasów Liberia
19%
Trzy baszty San Marino
19%
Napis "Bóg jest wielki" Irak / Iran
15%
Kolor bordowy / kasztanowy (maroon) Katar / Sri Lanka
15%
Czerwone wschodzące słońce Malawi
15%
Półksiężyc bez gwiazdy Malediwy
15%
Czarny trójkąt Bahamy / Jamajka / Papua-Nowa Gwinea / Republika Południowej Afryki / Timor Wschodni / Vanuatu
12%
Dwa cienkie, poziome, białe pasy przez całą szerokość flagi Botswana / Gambia / Korea Północna / Surinam
12%
Pięć złotych gwiazd Chiny
12%
Kondor Ekwador
12%
Tarcza (uzbrojenie) Eswatini / Kenia
12%
Więcej niż pięć złotych gwiazd Grenada / Gwinea Równikowa / Republika Zielonego Przylądka / Tadżykistan / Tuvalu
12%
Pięć błękitnych gwiazd Honduras
12%
Nazwa kraju Kostaryka / Nikaragua / Paragwaj / Salwador / Wenezuela
12%
Czarny kapelusz Lesotho
12%
Słońce wypełniające całą flagę Macedonia Północna
12%
Pomarańczowe koło Niger
12%
Herb zawierający złoty pastorał i dwa czerwone woły Andora
8%
Statek Belize / Ekwador / Kostaryka
8%
Drzewo (inne niż palma i cedr) Belize / Gwinea Równikowa
8%
Zielona gwiazda Dominika / Senegal / Syria
8%
Czarna gwiazda Ghana / Gwinea Bissau / Wyspy Świętego Tomasza i Książęca
8%
Dwa nachodzące na siebie trójkąty (czerwony na żółty) Gujana
8%
Różowy lew Hiszpania
8%
Czakra Aśoki Indie
8%
Godło będące stylizowaną wersją słowa "Bóg" Iran
8%
Lecący orzeł Kazachstan / Zambia
8%
Jeden złoty, ukośny pas (nie licząc Seszeli) Kongo / Wyspy Salomona
8%
Czerń jako dominujący kolor Libia / Papua-Nowa Gwinea
8%
Kieł dzika/świni Vanuatu
8%
Łacińska dewiza Andora / Belize / Hiszpania
4%
Ukośny, biały pas (nie licząc Seszeli) Brunei / Burundi / Namibia / Trynidad i Tobago
4%
Trzy gwiazdy na białym tle Burundi / Filipiny
4%
Godło na białym tle Dominikana / Egipt / Gwatemala / Gwinea Równikowa / Haiti / Kostaryka / Meksyk / Nikaragua / Paragwaj / Salwador
4%
Żółta gałązka oliwna otoczona wieńcem oliwnym Erytrea
4%
Złote słońce w białym trójkącie Filipiny
4%
Ząbek gałki muszkatołowej Grenada
4%
Czapka Haiti / Nikaragua / Salwador
4%
Sześć przecinających się linii wewnątrz słońca Kirgistan
4%
Słońce, księżyc i ogień Mongolia
4%
Tęcza Nikaragua / Salwador
4%
Różnokolorowe gwiazdy Panama
4%
Biegnący, biały koń Wenezuela
4%
Ukośny, pomarańczowy pas Wyspy Marshalla
4%
Nie znaleziono quizów pasujących do podanych kryteriów
Rozkład punktacji
Procent ludzi z każdym wynikiem
Percentyl według liczby udzielonych odpowiedzi
Twoja historia wyników
Nie rozwiązałeś tego quizu